[Event "CYCC U16U18 w"]
[Site "Quebec CAN"]
[Date "2018.07.05"]
[Round "7.11"]
[White "Yu, Cindy"]
[Black "Botez, Andrea"]
[Result "0-1"]
[WhiteElo "1434"]
[BlackElo "1954"]
[PlyCount "72"]
[EventDate "2018.07.02"]
[EventType "swiss"]
[EventRounds "7"]
[EventCountry "CAN"]

1. e4 g6 2. d4 Bg7 3. Nc3 d6 4. f4 Nf6 5. Bd3 O-O 6. Nf3 c5 7. dxc5 dxc5 8. e5
Nd5 9. Nxd5 Qxd5 10. Qe2 Bg4 11. Be4 Qd7 12. Be3 Na6 13. h3 Bf5 14. Bxf5 Qxf5
15. g4 Qe6 16. Rg1 Rfd8 17. h4 Qb6 18. c3 Nc7 19. h5 Nd5 20. O-O-O Qa5 21. Kb1
Qa4 22. Bxc5 Nxf4 23. Qc2 Rxd1+ 24. Rxd1 Qc6 25. Qf2 Qe4+ 26. Ka1 Nd3 27. Qf1
Nxc5 28. Ng5 Qxg4 29. Qxf7+ Kh8 30. Qd5 Qxg5 31. Qxc5 Qxh5 32. Qd5 Qxe5 33.
Qxb7 Rb8 34. Qxa7 Qb5 35. Qa3 e5 36. Re1 e4 0-1

[Event "CYCC U18"]
[Site "Quebec CAN"]
[Date "2018.07.02"]
[Round "2.1"]
[White "Colvin, Andrew"]
[Black "Bremner, William"]
[Result "1/2-1/2"]
[WhiteElo "2077"]
[BlackElo "1889"]
[PlyCount "69"]
[EventDate "2018.07.02"]
[EventType "swiss"]
[EventRounds "7"]
[EventCountry "CAN"]

1. d4 Nf6 2. c4 e6 3. Nc3 Bb4 4. Qc2 O-O 5. Nf3 d5 6. a3 Bxc3+ 7. Qxc3 dxc4 8.
Qxc4 b6 9. Bg5 Ba6 10. Qa4 Qd7 11. Qxd7 Nbxd7 12. Bxf6 gxf6 13. e3 Bxf1 14.
Kxf1 c5 15. Ke2 Rfd8 16. Rhd1 Kf8 17. Rac1 Ke8 18. dxc5 Nxc5 19. b4 Ne4 20.
Rxd8+ Rxd8 21. Rc7 a5 22. Nd4 axb4 23. axb4 Rd7 24. Rc8+ Rd8 25. Rc6 Rd6 26.
Rxd6 Nxd6 27. g4 Kd7 28. Kd3 Nc8 29. e4 Nd6 30. f3 Kc7 31. h4 Kd7 32. Nc2 Kc6
33. Nd4+ Kd7 34. Nc2 Kc6 35. Nd4+ 1/2-1/2

[Event "CYCC U18"]
[Site "Quebec CAN"]
[Date "2018.07.03"]
[Round "3.1"]
[White "Turgeon, Yoakim"]
[Black "Saine, Zachary"]
[Result "0-1"]
[WhiteElo "1842"]
[BlackElo "2001"]
[PlyCount "70"]
[EventDate "2018.07.02"]
[EventType "swiss"]
[EventRounds "7"]
[EventCountry "CAN"]

1. d4 d5 2. e3 Nf6 3. Bd3 c5 4. c3 Nc6 5. f4 Bg4 6. Nf3 e6 7. Nbd2 Bd6 8. h3
Bxf3 9. Qxf3 Qc7 10. Nf1 h5 11. Nh2 c4 12. Bc2 O-O-O 13. e4 dxe4 14. Bxe4 Nxe4
15. Qxe4 g5 16. Rf1 gxf4 17. Bxf4 e5 18. Bg5 Rde8 19. d5 Nd8 20. O-O-O Kb8 21.
Rf5 b5 22. Nf3 Nb7 23. Bf6 Nc5 24. Qe3 Rhg8 25. Nxe5 Nd3+ 26. Rxd3 cxd3 27. Qd4
d2+ 28. Kxd2 Rxg2+ 29. Kc1 Reg8 30. Nc6+ Ka8 31. Qd3 Bf4+ 32. Kb1 Rd2 33. Qf1
Be3 34. Be5 Qd7 35. Rxf7 Qxf7 0-1

[Event "CYCC U18"]
[Site "Quebec CAN"]
[Date "2018.07.03"]
[Round "3.2"]
[White "Zhu, Brandon"]
[Black "Colvin, Andrew"]
[Result "1/2-1/2"]
[WhiteElo "2007"]
[BlackElo "2077"]
[PlyCount "78"]
[EventDate "2018.07.02"]
[EventType "swiss"]
[EventRounds "7"]
[EventCountry "CAN"]

1. Nf3 d5 2. e3 Nf6 3. c4 dxc4 4. Bxc4 e6 5. O-O c5 6. Qe2 Nc6 7. Rd1 a6 8. d4
cxd4 9. exd4 Be7 10. Nc3 b5 11. Bb3 Na5 12. Bc2 Bb7 13. a3 O-O 14. Bg5 Nc4 15.
b3 Nb6 16. Qd3 g6 17. Bh6 Re8 18. Ne5 Nbd5 19. Ne2 Rc8 20. Bb1 Bf8 21. Bxf8
Rxf8 22. b4 Qe7 23. Ra2 Rc7 24. Rc2 Rfc8 25. Rxc7 Qxc7 26. Rd2 Nf4 27. Nxf4
Qc1+ 28. Rd1 Qxf4 29. Qf1 Ng4 30. Nxg4 Qxg4 31. f3 Qf4 32. Qd3 Rc1 33. Rxc1
Qxc1+ 34. Kf2 Bd5 35. h4 Qh1 36. Kg3 Qe1+ 37. Kh3 Qh1+ 38. Kg3 Qe1+ 39. Kh3
Qh1+ 1/2-1/2

[Event "CYCC U18"]
[Site "Quebec CAN"]
[Date "2018.07.03"]
[Round "3.3"]
[White "Bremner, William"]
[Black "Miller, Reuben"]
[Result "1-0"]
[WhiteElo "1889"]
[BlackElo "1596"]
[PlyCount "93"]
[EventDate "2018.07.02"]
[EventType "swiss"]
[EventRounds "7"]
[EventCountry "CAN"]

1. d4 Nf6 2. c4 c5 3. d5 e6 4. Nc3 exd5 5. cxd5 d6 6. e4 a6 7. a4 g6 8. Nge2
Bg7 9. Ng3 O-O 10. Be2 Re8 11. O-O b6 12. Bg5 h6 13. Be3 Bb7 14. Qd2 Kh7 15.
Rab1 Nbd7 16. Rfc1 Rc8 17. f3 Ne5 18. Nh1 Qd7 19. Nf2 Qc7 20. Re1 Rb8 21. Rbc1
Bc8 22. b3 Qb7 23. Kh1 Bd7 24. Qd1 g5 25. Rb1 b5 26. axb5 axb5 27. b4 c4 28.
Qd2 Ra8 29. Ra1 Ra6 30. Bd4 Ng6 31. Kg1 Rea8 32. Qb2 Nh5 33. Be3 Ngf4 34. Bf1
Be5 35. g3 Ng6 36. Bg2 Rxa1 37. Rxa1 Ra4 38. Rxa4 bxa4 39. Bf1 Qa6 40. Nfd1 Bb5
41. Qa2 Ng7 42. Nxb5 Qxb5 43. Qxc4 a3 44. Qxb5 a2 45. Qa4 a1=Q 46. Qxa1 Bxa1
47. b5 1-0

[Event "CYCC U18"]
[Site "Quebec CAN"]
[Date "2018.07.03"]
[Round "3.4"]
[White "Simoneau, Michael"]
[Black "Horner, Blake"]
[Result "1/2-1/2"]
[WhiteElo "1527"]
[BlackElo "1318"]
[PlyCount "94"]
[EventDate "2018.07.02"]
[EventType "swiss"]
[EventRounds "7"]
[EventCountry "CAN"]

1. e4 c5 2. Nf3 d6 3. d4 cxd4 4. Nxd4 Nf6 5. Nc3 a6 6. Be3 e5 7. Nb3 Be6 8. f3
Be7 9. Nd5 Nxd5 10. exd5 Bf5 11. Be2 Bh4+ 12. g3 Bf6 13. c4 Nd7 14. O-O O-O 15.
Rc1 b6 16. Nd2 Bh3 17. Rf2 Bg5 18. Bxg5 Qxg5 19. Ne4 Qd8 20. b4 Nf6 21. Qc2
Nxe4 22. fxe4 Qg5 23. Rb1 h5 24. Rb3 Bd7 25. Rc3 f5 26. Rcf3 fxe4 27. Qxe4 Rxf3
28. Qxf3 Bg4 29. Qf7+ Kh8 30. Bd3 g6 31. Qxg6 Qxg6 32. Bxg6 Kg7 33. Bf5 Bxf5
34. Rxf5 Kg6 35. Rf2 Rc8 36. Rc2 Kf5 37. Kf2 Ke4 38. h3 Kd3 39. Re2 Rxc4 40.
Kf3 e4+ 41. Kf2 Rc8 42. Re3+ Kd4 43. g4 Rc2+ 44. Re2 e3+ 45. Kf3 hxg4+ 46. hxg4
Rxe2 47. Kxe2 Ke4 1/2-1/2

[Event "CYCC U18"]
[Site "Quebec CAN"]
[Date "2018.07.03"]
[Round "3.5"]
[White "Puri, Aryan"]
[Black "Tran, Dennis"]
[Result "0-1"]
[WhiteElo "964"]
[BlackElo "1483"]
[PlyCount "78"]
[EventDate "2018.07.02"]
[EventType "swiss"]
[EventRounds "7"]
[EventCountry "CAN"]

1. e4 d5 2. exd5 Nf6 3. Bb5+ Bd7 4. a4 Bxb5 5. axb5 Qxd5 6. Qf3 Qxb5 7. Nc3
Qe5+ 8. Nge2 Nc6 9. O-O O-O-O 10. d4 Qh5 11. Qxh5 Nxh5 12. Rd1 e6 13. Bg5 Nf6
14. f3 Be7 15. Ne4 Nxe4 16. Bxe7 Nxe7 17. fxe4 Kb8 18. g4 h5 19. g5 h4 20. Nf4
h3 21. Kf2 Ng6 22. Nxg6 fxg6 23. Kg3 b6 24. Rd3 a5 25. c4 Rhf8 26. e5 Rf5 27.
Kg4 Rf2 28. Kxh3 Rh8+ 29. Kg3 Rhxh2 30. Rad1 Rhg2+ 31. Kh4 Rf4+ 32. Kh3 Rxg5
33. d5 Rxe5 34. Kg3 Rxc4 35. d6 cxd6 36. Rxd6 Kb7 37. Rd7+ Rc7 38. Kf4 Rf5+ 39.
Ke3 g5 0-1

[Event "CYCC U18"]
[Site "Quebec CAN"]
[Date "2018.07.03"]
[Round "3.6"]
[White "Johnson, Damian"]
[Black "McGovern, Michael"]
[Result "0-1"]
[WhiteElo "955"]
[BlackElo "1281"]
[PlyCount "76"]
[EventDate "2018.07.02"]
[EventType "swiss"]
[EventRounds "7"]
[EventCountry "CAN"]

1. d4 Nf6 2. Nc3 d5 3. Nf3 Bg4 4. e3 e6 5. Bd3 c5 6. b3 Nc6 7. Bb5 a6 8. Bxc6+
bxc6 9. Ba3 cxd4 10. Bxf8 dxc3 11. Bb4 Ne4 12. Qd4 f6 13. Bxc3 Bxf3 14. gxf3
Nxc3 15. Qxc3 Qd6 16. Rd1 e5 17. e4 a5 18. a3 O-O 19. Qc4 Rfd8 20. Qd3 Qxa3 21.
c4 d4 22. Qd2 Qxb3 23. O-O Qxf3 24. Qd3 Qxd3 25. Rxd3 a4 26. Ra3 Rdb8 27. Rfa1
Rb4 28. Kg2 c5 29. Kg3 Rxc4 30. Kg4 Rb4 31. Kf5 Kf7 32. f4 g6+ 33. Kg4 c4 34.
Kf3 Rb3+ 35. Ke2 Rxa3 36. Rxa3 Ke6 37. Kd2 exf4 38. Rh3 a3 0-1

[Event "CYCC U18"]
[Site "Quebec CAN"]
[Date "2018.07.03"]
[Round "4.1"]
[White "Saine, Zachary"]
[Black "Bremner, William"]
[Result "0-1"]
[WhiteElo "2001"]
[BlackElo "1889"]
[PlyCount "112"]
[EventDate "2018.07.02"]
[EventType "swiss"]
[EventRounds "7"]
[EventCountry "CAN"]

1. e4 c6 2. d4 d5 3. e5 c5 4. c3 Nc6 5. a3 Bf5 6. b4 cxd4 7. cxd4 e6 8. Be3 Rc8
9. Bd3 Nge7 10. Ne2 Bxd3 11. Qxd3 Nf5 12. O-O Be7 13. Ng3 Nxg3 14. hxg3 f5 15.
Nc3 O-O 16. Rac1 Nb8 17. Ne2 Qd7 18. Qb3 Rxc1 19. Rxc1 Rc8 20. a4 Rxc1+ 21.
Nxc1 Qc6 22. b5 Qc8 23. Bd2 Nd7 24. a5 Kf7 25. Nd3 Qc7 26. Bb4 Bxb4 27. Qxb4
Qc2 28. Ne1 Qc7 29. Kh2 Nb8 30. Nf3 h6 31. Ng1 a6 32. f4 axb5 33. Qxb5 Nc6 34.
Nf3 Nxa5 35. g4 fxg4 36. Nh4 g5 37. Qd3 Kf8 38. Qg6 gxh4 39. Qxh6+ Ke7 40. Qg7+
Kd8 41. Qf8+ Kd7 42. Qf7+ Kd8 43. Qf8+ Kd7 44. Qf7+ Kc8 45. Qxe6+ Qd7 46. Qg8+
Kc7 47. e6 Qe7 48. f5 Nc6 49. Qf7 Kd6 50. Qg8 Qf6 51. Qxg4 Qxd4 52. Qg6 Qe5+
53. Kg1 Qe1+ 54. Kh2 Qg3+ 55. Qxg3+ hxg3+ 56. Kxg3 Ke5 0-1

[Event "CYCC U18"]
[Site "Quebec CAN"]
[Date "2018.07.03"]
[Round "4.2"]
[White "Colvin, Andrew"]
[Black "Tran, Dennis"]
[Result "1-0"]
[WhiteElo "2077"]
[BlackElo "1483"]
[PlyCount "65"]
[EventDate "2018.07.02"]
[EventType "swiss"]
[EventRounds "7"]
[EventCountry "CAN"]

1. d4 Nf6 2. c4 c5 3. d5 e6 4. Nc3 exd5 5. cxd5 d6 6. Nf3 a6 7. a4 g6 8. Bf4
Qa5 9. e3 Ne4 10. Qc2 Bf5 11. Bd3 Nxc3 12. bxc3 Bxd3 13. Qxd3 Nd7 14. O-O f6
15. Qe4+ Ne5 16. Nxe5 f5 17. Nc4+ fxe4 18. Nxa5 O-O-O 19. Rab1 Rd7 20. Nc4 Kb8
21. Rb6 Ka7 22. Rfb1 h6 23. Nxd6 Bxd6 24. Rxd6 Rxd6 25. Bxd6 Rc8 26. c4 b6 27.
Be7 Rc7 28. d6 Rd7 29. g4 Kb7 30. a5 b5 31. cxb5 axb5 32. Rxb5+ Kc6 33. Rb6+
1-0

[Event "CYCC U18"]
[Site "Quebec CAN"]
[Date "2018.07.03"]
[Round "4.3"]
[White "Zhu, Brandon"]
[Black "Turgeon, Yoakim"]
[Result "1-0"]
[WhiteElo "2007"]
[BlackElo "1842"]
[PlyCount "105"]
[EventDate "2018.07.02"]
[EventType "swiss"]
[EventRounds "7"]
[EventCountry "CAN"]

1. e4 e5 2. Nf3 Nc6 3. Bb5 a6 4. Ba4 Nf6 5. O-O Be7 6. d3 b5 7. Bb3 d6 8. Bd2
Bg4 9. c3 d5 10. h3 Bh5 11. Bg5 dxe4 12. dxe4 Qxd1 13. Rxd1 Bxf3 14. gxf3 Na5
15. Bc2 Nh5 16. Bd2 Nc4 17. Bc1 h6 18. b3 Nd6 19. a4 O-O-O 20. axb5 axb5 21.
Bd3 g5 22. Na3 c6 23. Be3 Nf4 24. Bf1 Nb7 25. Rxd8+ Rxd8 26. b4 Nd6 27. Bc5 Rd7
28. Kh2 f5 29. Re1 fxe4 30. fxe4 Kd8 31. f3 Ne8 32. Be3 Nf6 33. Nc2 N6h5 34.
Ra1 Ke8 35. Ne1 Rc7 36. Nd3 Nxd3 37. Bxd3 Nf4 38. Bf1 Kf8 39. Ra7 Rxa7 40. Bxa7
Ke8 41. Bb8 Ng6 42. Kg3 Kd7 43. Kg4 Nf4 44. Bxe5 h5+ 45. Kf5 Ne6 46. h4 Bd6 47.
Bxd6 Kxd6 48. hxg5 Nc7 49. Kf6 c5 50. e5+ Kd5 51. bxc5 Kxc5 52. g6 Ne8+ 53. Kf7
1-0

[Event "CYCC U18"]
[Site "Quebec CAN"]
[Date "2018.07.03"]
[Round "4.5"]
[White "Horner, Blake"]
[Black "Everitt, David"]
[Result "1-0"]
[WhiteElo "1318"]
[BlackElo "1101"]
[PlyCount "93"]
[EventDate "2018.07.02"]
[EventType "swiss"]
[EventRounds "7"]
[EventCountry "CAN"]

1. e4 e6 2. d4 d5 3. exd5 exd5 4. c4 Nf6 5. Nc3 Bb4 6. a3 Bxc3+ 7. bxc3 Be6 8.
cxd5 Nxd5 9. Qc2 O-O 10. Bd3 Nf6 11. Bg5 Re8 12. Ne2 Nbd7 13. O-O g6 14. Nf4
Kg7 15. d5 Bf5 16. Bxf5 gxf5 17. Qxf5 Re5 18. Bxf6+ Qxf6 19. Nh5+ Kh6 20. Qxf6+
Nxf6 21. Nxf6 Kg6 22. Ng4 Rg5 23. Ne3 f5 24. Rfd1 Rd8 25. f4 Rh5 26. Rab1 b6
27. Nc4 Kg7 28. Ne5 a5 29. Nc6 Rd7 30. c4 Rh6 31. Re1 Kf8 32. Re5 Rf6 33. Rbe1
Kg7 34. Ne7 Kf7 35. Nxf5 c6 36. g4 h6 37. d6 Kg6 38. Nh4+ Kf7 39. Re7+ Rxe7 40.
Rxe7+ Kf8 41. Nf5 Rxd6 42. Nxd6 Kxe7 43. Nc8+ Kf6 44. Nxb6 Kg6 45. Kf2 h5 46.
h3 c5 47. Nd7 1-0

[Event "CYCC U18"]
[Site "Quebec CAN"]
[Date "2018.07.03"]
[Round "4.6"]
[White "McGovern, Michael"]
[Black "Puri, Aryan"]
[Result "1-0"]
[WhiteElo "1281"]
[BlackElo "964"]
[PlyCount "97"]
[EventDate "2018.07.02"]
[EventType "swiss"]
[EventRounds "7"]
[EventCountry "CAN"]

1. e4 e5 2. Nf3 d6 3. d4 Bg4 4. dxe5 Nc6 5. exd6 Qxd6 6. Qxd6 Bxd6 7. Be2 Nf6
8. Nc3 Bb4 9. Bd2 O-O 10. h3 Bh5 11. Nd5 Bxd2+ 12. Nxd2 Nxd5 13. exd5 Bxe2 14.
Kxe2 Nd4+ 15. Kd1 Rfe8 16. Nb3 Nxb3 17. axb3 Re5 18. c4 c6 19. dxc6 bxc6 20.
Re1 Rd8+ 21. Kc2 Rxe1 22. Rxe1 g6 23. Re7 a5 24. Ra7 Re8 25. Kd2 Rd8+ 26. Ke2
Re8+ 27. Kf1 Rd8 28. Rxa5 Rd2 29. Rc5 Rxb2 30. Rxc6 Rxb3 31. Rc8+ Kg7 32. c5
Kf6 33. g3 Rb2 34. c6 Rc2 35. c7 Ke7 36. Ke1 Kd7 37. Rf8 Ke7 38. c8=Q Rxc8 39.
Rxc8 f5 40. Rc7+ Kf6 41. Rxh7 Kg5 42. f4+ Kf6 43. g4 g5 44. fxg5+ Kg6 45. Ra7
fxg4 46. hxg4 Kxg5 47. Ra4 Kh4 48. Kf2 Kg5 49. Kg3 1-0

[Event "CYCC U18"]
[Site "Quebec CAN"]
[Date "2018.07.04"]
[Round "5.1"]
[White "Bremner, William"]
[Black "Zhu, Brandon"]
[Result "1/2-1/2"]
[WhiteElo "1889"]
[BlackElo "2007"]
[PlyCount "160"]
[EventDate "2018.07.02"]
[EventType "swiss"]
[EventRounds "7"]
[EventCountry "CAN"]

1. d4 Nf6 2. c4 e6 3. g3 d5 4. Nf3 dxc4 5. Bg2 a6 6. O-O Nc6 7. e3 Bd7 8. Qe2
Bd6 9. Qxc4 O-O 10. b3 e5 11. Bb2 exd4 12. Nxd4 Nxd4 13. Bxd4 Bb5 14. Qc2 Bxf1
15. Kxf1 c5 16. Bb2 Qe7 17. Nc3 Rad8 18. Re1 b5 19. e4 Be5 20. Nd5 Qd6 21. Bxe5
Qxe5 22. Qxc5 Nxd5 23. exd5 Qf6 24. a4 Rc8 25. Qa7 Rc2 26. axb5 axb5 27. Kg1
Qc3 28. Qe3 b4 29. Bf1 g6 30. Bc4 Qf6 31. Qc5 Rd8 32. Rf1 Qd6 33. Qd4 Qe7 34.
Qf4 Rd6 35. Qd4 Rf6 36. Kg2 h5 37. h4 Qd6 38. Qe3 Kg7 39. Qd4 Qb6 40. Qxb6 Rxb6
41. Kf3 Kf8 42. Ke4 Rf6 43. f4 Rc3 44. Rg1 Ke7 45. Ke5 Rd6 46. f5 gxf5 47. Ra1
Rd7 48. Ra6 f6+ 49. Kf4 Rd6 50. Ra7+ Kd8 51. Rb7 Rc1 52. Kxf5 Rc3 53. Kf4 Rc2
54. Rxb4 Kc7 55. Ra4 Rd2 56. Ra7+ Kb6 57. Rh7 Rf2+ 58. Ke3 Rf5 59. Ke4 Re5+ 60.
Kf4 Kc5 61. g4 hxg4 62. Kxg4 Kd4 63. h5 Ke4 64. Rg7 f5+ 65. Kg3 f4+ 66. Kg4 Rh6
67. Rg5 Re8 68. Rg6 Rhh8 69. d6 f3 70. Rf6 Ref8 71. Rxf8 Rxf8 72. h6 f2 73. Kg5
Ke5 74. h7 Kxd6 75. Kg6 Kc5 76. Kg7 Ra8 77. h8=Q Rxh8 78. Kxh8 Kb4 79. Kg7 f1=Q
80. Bxf1 Kxb3 1/2-1/2

[Event "CYCC U18"]
[Site "Quebec CAN"]
[Date "2018.07.04"]
[Round "5.2"]
[White "Saine, Zachary"]
[Black "Colvin, Andrew"]
[Result "1/2-1/2"]
[WhiteElo "2001"]
[BlackElo "2077"]
[PlyCount "45"]
[EventDate "2018.07.02"]
[EventType "swiss"]
[EventRounds "7"]
[EventCountry "CAN"]

1. e4 e6 2. d4 d5 3. e5 c5 4. c3 Nc6 5. a3 Qb6 6. Nf3 f6 7. b4 c4 8. a4 fxe5 9.
dxe5 Qc7 10. Bf4 Nge7 11. Na3 a6 12. Nc2 Ng6 13. Bg3 Be7 14. Ncd4 Nxd4 15. Qxd4
a5 16. b5 Bc5 17. Qd2 O-O 18. h4 Ne7 19. Bf4 Ng6 20. Bg3 Ne7 21. Bf4 Ng6 22.
Bg3 Ne7 23. Bf4 1/2-1/2

[Event "CYCC U18"]
[Site "Quebec CAN"]
[Date "2018.07.04"]
[Round "5.3"]
[White "Horner, Blake"]
[Black "Miller, Reuben"]
[Result "1/2-1/2"]
[WhiteElo "1318"]
[BlackElo "1596"]
[PlyCount "88"]
[EventDate "2018.07.02"]
[EventType "swiss"]
[EventRounds "7"]
[EventCountry "CAN"]

1. e4 c6 2. d4 d5 3. e5 Bf5 4. c4 e6 5. Nc3 dxc4 6. Bxc4 Ne7 7. Nf3 Nd5 8. O-O
Be7 9. a3 O-O 10. Ne2 Nd7 11. Ng3 Bg6 12. Bd3 Bxd3 13. Qxd3 c5 14. Ne4 h6 15.
Ng3 Rc8 16. Qe4 cxd4 17. Qg4 Kh7 18. Qxd4 Qb6 19. Qe4+ Kh8 20. Qg4 Kh7 21. Nh5
g6 22. Ng3 Rh8 23. Qh3 Kg7 24. Rd1 Nc5 25. b4 Nb3 26. Rb1 Rxc1 27. Rdxc1 Nxc1
28. Rxc1 h5 29. Ne2 Qa6 30. Ned4 Nf4 31. Qg3 Ne2+ 32. Nxe2 Qxe2 33. h3 Rd8 34.
Qf4 Rd1+ 35. Rxd1 Qxd1+ 36. Kh2 Qd3 37. Qc1 Qd8 38. Qe3 b6 39. Qd4 Qc7 40. Nd2
f6 41. f4 Kf7 42. Ne4 fxe5 43. Qxe5 Qc1 44. a4 Qc4 1/2-1/2

[Event "CYCC U18"]
[Site "Quebec CAN"]
[Date "2018.07.04"]
[Round "5.4"]
[White "Turgeon, Yoakim"]
[Black "McGovern, Michael"]
[Result "1-0"]
[WhiteElo "1842"]
[BlackElo "1281"]
[PlyCount "37"]
[EventDate "2018.07.02"]
[EventType "swiss"]
[EventRounds "7"]
[EventCountry "CAN"]

1. d4 Nf6 2. e3 d6 3. f4 g6 4. Bd3 Bg7 5. Nf3 O-O 6. e4 e5 7. dxe5 dxe5 8. Nxe5
Re8 9. Nd2 Nh5 10. Ndf3 Bxe5 11. fxe5 Bg4 12. O-O Rxe5 13. h3 Bxf3 14. Qxf3 Qe8
15. Bc4 Re7 16. Bg5 Rd7 17. Rad1 Qe5 18. Qxf7+ Rxf7 19. Rd8+ 1-0

[Event "CYCC U18"]
[Site "Quebec CAN"]
[Date "2018.07.04"]
[Round "5.5"]
[White "Tran, Dennis"]
[Black "Johnson, Damian"]
[Result "1-0"]
[WhiteElo "1483"]
[BlackElo "959"]
[PlyCount "59"]
[EventDate "2018.07.02"]
[EventType "swiss"]
[EventRounds "7"]
[EventCountry "CAN"]

1. e4 e5 2. Nf3 Nc6 3. d4 Bd6 4. d5 Nce7 5. Bd3 Bc5 6. Nxe5 d6 7. Bb5+ c6 8.
dxc6 bxc6 9. Nxc6 Nxc6 10. Bxc6+ Bd7 11. Bxa8 Qxa8 12. Nc3 Qd8 13. O-O Qf6 14.
Qd5 Ne7 15. Qa8+ Nc8 16. Nd5 Qg6 17. Bf4 O-O 18. Qxc8 Qe6 19. Qb7 Rc8 20. Rfe1
h6 21. Rad1 Re8 22. Nc7 Qc4 23. Nxe8 Bxe8 24. Bxd6 Qxc2 25. Bxc5 Qxc5 26. Rd8
Kh7 27. Rxe8 a5 28. Qxf7 Qb4 29. Qf5+ g6 30. Qf7# 1-0

[Event "CYCC U18"]
[Site "Quebec CAN"]
[Date "2018.07.04"]
[Round "5.6"]
[White "Everitt, David"]
[Black "Puri, Aryan"]
[Result "1-0"]
[WhiteElo "1101"]
[BlackElo "964"]
[PlyCount "85"]
[EventDate "2018.07.02"]
[EventType "swiss"]
[EventRounds "7"]
[EventCountry "CAN"]

1. Nf3 d5 2. d4 c5 3. e3 Bg4 4. Be2 Nc6 5. dxc5 e6 6. Nd4 Bxe2 7. Qxe2 Qa5+ 8.
Nc3 Bxc5 9. Qb5 Nge7 10. Nxc6 Qxb5 11. Nxb5 Kd7 12. Nxe7 Kxe7 13. O-O g5 14. b3
h5 15. Ba3 b6 16. Bxc5+ bxc5 17. c4 g4 18. f3 Rag8 19. Nxa7 g3 20. hxg3 Rxg3
21. Kf2 Rhg8 22. Rg1 h4 23. a4 R3g5 24. a5 h3 25. gxh3 Rxg1 26. Rxg1 Ra8 27.
Nc6+ Kd6 28. Ra1 Kxc6 29. a6 Kd7 30. h4 Ke7 31. Ra5 Kf8 32. Rxc5 Rxa6 33. Rb5
dxc4 34. bxc4 Ra4 35. Rc5 Ra2+ 36. Kg3 Ra3 37. e4 Ra1 38. Kf4 Rc1 39. h5 Kg7
40. Rc7 Kh6 41. Rxf7 Kxh5 42. Rc7 Kh4 43. Rh7# 1-0

[Event "CYCC U18"]
[Site "Quebec CAN"]
[Date "2018.07.04"]
[Round "6.1"]
[White "Tran, Dennis"]
[Black "Bremner, William"]
[Result "1/2-1/2"]
[WhiteElo "1483"]
[BlackElo "1889"]
[PlyCount "291"]
[EventDate "2018.07.02"]
[EventType "swiss"]
[EventRounds "7"]
[EventCountry "CAN"]

1. e4 e6 2. d4 d5 3. e5 c5 4. c3 Qb6 5. f4 Bd7 6. Nf3 Nh6 7. Bd3 Bb5 8. O-O
Bxd3 9. Qxd3 Nc6 10. a3 Nf5 11. g4 Nfe7 12. b4 c4 13. Qc2 g6 14. a4 h5 15. a5
Qc7 16. g5 Nf5 17. Qa4 a6 18. Na3 Qd7 19. Nc2 Be7 20. Ne3 Ng7 21. h4 O-O 22.
Rf2 Ne8 23. Rfa2 Nc7 24. Nc2 Rfb8 25. Rb1 Ra7 26. Ne3 Rba8 27. Bd2 Nb5 28. Nc2
Kf8 29. Na3 Nb8 30. Qc2 Ke8 31. Rba1 Nc6 32. Nxb5 axb5 33. Kf2 Ra6 34. Bc1 Qc8
35. Qb2 Qd7 36. Bd2 R8a7 37. Ra3 Kd8 38. R1a2 Qc8 39. Bc1 Kd7 40. Bd2 Qf8 41.
Ra1 Qd8 42. Bc1 Ke8 43. Ke2 Kf8 44. Kf2 Kg7 45. Ke2 Qf8 46. Qb1 Kg8 47. Kf2 Ra8
48. Ke2 R6a7 49. Kf2 Nb8 50. Ke2 Na6 51. Kf2 Qc8 52. Kg2 Kf8 53. Kh2 Ke8 54.
Kg2 Kd7 55. Kh2 Kc6 56. Kg2 Qf8 57. Kh2 Kc7 58. Kg2 Nb8 59. Kh2 Ra6 60. Kg2 Nc6
61. Kh2 R8a7 62. Kg2 Qa8 63. Qb2 Bf8 64. Kh2 Be7 65. Kg2 Bd8 66. Kh2 Kc8 67.
Kg2 Kc7 68. Kh2 Kc8 69. Kg2 Be7 70. Kh2 Qb8 71. Kg2 Kc7 72. Kh2 Ra8 73. Kg2 Qh8
74. Qb1 Qh7 75. Kh2 Qg7 76. Kg3 Qf8 77. Kg2 Qd8 78. Qb2 Bf8 79. Kh2 Ne7 80. Kh3
Nf5 81. Ng1 Ng7 82. Ne2 Ne8 83. Kg2 Kc6 84. Ng1 Nc7 85. Nf3 Be7 86. R1a2 Qh8
87. Qb1 Qf8 88. Kg3 Qc8 89. Kg2 Qb8 90. Kg3 Qd8 91. Qb2 Ne8 92. Nh2 Ng7 93. Nf1
Nf5+ 94. Kh3 Ng7 95. Ng3 Ne8 96. Kg2 Nc7 97. Kh2 Bf8 98. Kg2 Be7 99. Kh2 Qe8
100. Kg2 Qd8 101. Kh2 R6a7 102. Kg2 Na6 103. Kh2 Kc7 104. Kg2 Nb8 105. Kh2 Ra6
106. Kg2 Nc6 107. Kh2 Qf8 108. Bd2 R8a7 109. Kg2 Qa8 110. Bc1 Bf8 111. Kh2 Qc8
112. Kg2 Ra8 113. Kh2 Nb8 114. Kg2 R6a7 115. Kh2 Na6 116. Kg2 Kc6 117. Kh2 Nc7
118. Kg2 Ra6 119. Kh2 R8a7 120. Kg2 Qa8 121. Kh2 b6 122. axb6 Kxb6 123. Kh3
Rxa3 124. Rxa3 Rxa3 125. Qxa3 Qa4 126. Qb2 Qd1 127. Ne2 Qe1 128. Qd2 Qh1+ 129.
Kg3 Qe4 130. Qe3 Qf5 131. Kh2 Qg4 132. Qf2 Na6 133. Ba3 Nb8 134. Bc1 Nc6 135.
Bd2 Be7 136. Be1 Bf8 137. Bd2 Ne7 138. Be1 Nf5 139. Ng1 Be7 140. Ne2 Kb7 141.
Ng1 Bd8 142. Ne2 Bb6 143. Ng1 Qd1 144. Qe2 Qc1 145. Qf2 Qb1 146. Ne2 1/2-1/2

[Event "CYCC U18"]
[Site "Quebec CAN"]
[Date "2018.07.04"]
[Round "6.2"]
[White "Zhu, Brandon"]
[Black "Saine, Zachary"]
[Result "1-0"]
[WhiteElo "2007"]
[BlackElo "2001"]
[PlyCount "61"]
[EventDate "2018.07.02"]
[EventType "swiss"]
[EventRounds "7"]
[EventCountry "CAN"]

1. d4 d5 2. Nf3 e6 3. c4 c6 4. cxd5 exd5 5. Nc3 Bd6 6. Qc2 Ne7 7. Bg5 O-O 8. e3
Qc7 9. Bd3 Bg4 10. Bxh7+ Kh8 11. Bd3 f6 12. Bh4 a5 13. Bg3 Qd7 14. Nh4 b5 15.
Ne2 Na6 16. a3 Rfc8 17. Bxd6 Qxd6 18. Nf5 Bxf5 19. Bxf5 Re8 20. Bd3 Nc7 21. O-O
Ne6 22. Rac1 Rec8 23. Bf5 Nxf5 24. Qxf5 Kg8 25. Rc2 Kf7 26. Qh5+ g6 27. Qh7+
Ng7 28. Nf4 f5 29. Nd3 g5 30. Ne5+ Kf8 31. Qh8+ 1-0

[Event "CYCC U18"]
[Site "Quebec CAN"]
[Date "2018.07.04"]
[Round "6.3"]
[White "Colvin, Andrew"]
[Black "Horner, Blake"]
[Result "1-0"]
[WhiteElo "2077"]
[BlackElo "1318"]
[PlyCount "51"]
[EventDate "2018.07.02"]
[EventType "swiss"]
[EventRounds "7"]
[EventCountry "CAN"]

1. d4 d5 2. c4 e6 3. Nf3 Nf6 4. Nc3 c5 5. cxd5 exd5 6. Bg5 Be6 7. e3 Nbd7 8.
Be2 Be7 9. O-O O-O 10. dxc5 Bxc5 11. Rc1 Rc8 12. a3 a5 13. Nd4 Re8 14. Qd2 h6
15. Bh4 Ne5 16. Na4 b6 17. b4 axb4 18. axb4 Bxd4 19. Qxd4 Rxc1 20. Rxc1 Ned7
21. Bb5 g5 22. Bg3 Ne4 23. Nxb6 Nxg3 24. hxg3 Qe7 25. Bxd7 Bxd7 26. Nxd5 1-0

[Event "CYCC U18"]
[Site "Quebec CAN"]
[Date "2018.07.04"]
[Round "6.4"]
[White "Miller, Reuben"]
[Black "Turgeon, Yoakim"]
[Result "0-1"]
[WhiteElo "1596"]
[BlackElo "1842"]
[PlyCount "70"]
[EventDate "2018.07.02"]
[EventType "swiss"]
[EventRounds "7"]
[EventCountry "CAN"]

1. d4 d5 2. c4 e6 3. Nc3 f5 4. cxd5 exd5 5. Bf4 c6 6. e3 Nf6 7. Bd3 Bd6 8. Bxd6
Qxd6 9. Nf3 Ne4 10. Ne5 Nd7 11. Nxd7 Bxd7 12. f3 Nf6 13. Qc2 Qe7 14. Kf2 O-O
15. Rhe1 Nh5 16. Kg1 Rae8 17. Qf2 Qg5 18. Kh1 Rf6 19. f4 Qh6 20. Be2 Rfe6 21.
Bxh5 Qxh5 22. Na4 b6 23. b3 R8e7 24. Nb2 Qe8 25. Nd3 Rxe3 26. Ne5 Re4 27. Rxe4
dxe4 28. Rc1 Re6 29. Qe3 Rd6 30. g4 fxg4 31. Nxd7 Qxd7 32. Qxe4 Rxd4 33. Qe5
Rd1+ 34. Rxd1 Qxd1+ 35. Kg2 Qd5+ 0-1

[Event "CYCC U18"]
[Site "Quebec CAN"]
[Date "2018.07.04"]
[Round "6.5"]
[White "Simoneau, Michael"]
[Black "Everitt, David"]
[Result "1-0"]
[WhiteElo "1527"]
[BlackElo "1101"]
[PlyCount "39"]
[EventDate "2018.07.02"]
[EventType "swiss"]
[EventRounds "7"]
[EventCountry "CAN"]

1. e4 e6 2. d4 d5 3. e5 c5 4. c3 Nc6 5. Nf3 cxd4 6. cxd4 f6 7. Bb5 Qa5+ 8. Nc3
Bb4 9. Bd2 Bxc3 10. Bxc6+ bxc6 11. Bxc3 Qb6 12. O-O a5 13. Nh4 g6 14. f4 Ba6
15. Rf3 O-O-O 16. Qd2 Qb5 17. Bxa5 Rf8 18. Rb3 Qe2 19. Qb4 Qb5 20. Qxf8+ 1-0